Paesi che condividono queste regioni #6 - Statistics

Statistiche generali
  • Questo quiz è stato fatto 135 volte
  • Il punteggio medio è 25 su 29
Statistiche sulle risposte
Région Paese % Corretto
Sahara Algeria
98%
Sahara Egitto
95%
Sahara Libia
95%
Sahara Marocco
95%
Sahara Sudan
93%
Sahara Mali
91%
Sahara Mauritania
91%
Paese basco Spagna
91%
Paese basco Francia
90%
Amazonas Francia
90%
Sahara Tunisia
90%
Amazonas Brasile
87%
Amazonas Colombia
86%
Sahara Niger
86%
Caucasus Russia
86%
Amazonas Venezuela
86%
Amazonas Bolivia
85%
Amazonas Peru
85%
Sahara Ciad
83%
Amazonas Ecuador
83%
Amazonas Guyana
83%
Amazonas Suriname
83%
Caucasus Armenia
80%
Timor Timor Est
80%
Caucasus Georgia
79%
Timor Indonesia
79%
Caucasus Azerbaijan
76%
Jutland Germania
69%
Jutland Danimarca
67%
Nessun quiz corrispondente trovato
Distribuzione punteggi
Percentuale di utenti per punteggio
Percentile per numero di risposta
I tuoi punteggi nel tempo
Non hai fatto questo quiz